000 00592nam a22002297a 4500
003 UA-OsUOA
001 65205
007 ta
008 20091117b un ||||| |||| 00| 0 ukr d
100 _aСінчілло К.
090 _a821.161.2-1
_bС41
942 _cBR
040 _aUA-OsUOA
_bukr
_cUA-OsUOA
_dUA-OsUOA
245 _aЗ сонячних поезій
300 _a46 с.
955 _a2
041 _aukr
080 _a821.161.2-1
260 _aК.
_bПросвіта
_c2007
650 7 _a82 Література. Літературознавство
_2UDC
999 _c351331
_d351331